Представление документа в формате MARC21

Поле Инд. ПП Название Значение
Тип записи a
Библиографический уровень m
001 Контрольный номер c753f834-d6f6-421e-98d5-22a0d8fd9d05
005 Дата корректировки 20140703125421.6
008 Кодируемые данные 040609
020 a ISBN 5-352-00394-9
c Цена, тираж 43.00
040 a Служба первич. каталог. НБ ТвГУ
041 a Код языка текста rus
080 a Индекс УДК 882-2
084 a Индекс другой классификации/Индекс ББК Ш6(2=411.2)6-6
090 x Авторский знак Ш33
a Полочн. индекс Р2
100 1_ a Автор Шварц Евгений Львович
d Дата 1896-1958
245 10 a Заглавие Дракон
b Продолж. заглавия Пьесы
c Ответственность Евгений Шварц
260 0_ a Место издания СПб.
b Издательство Азбука-классика
c Дата издания 2003
300 a Объем 283,[2] с.
440 a Серия Азбука-классика
500 a Примечание Содерж.: Тень; Дракон; Обыкновенное чудо. В кн. также: Из книги "Мы знали Евгения Шварца" / Николай Чуковский.
583 a Действие Получение впервые 263 09.06.2004
k Исполнитель действия Дар Администрации области
583 a Действие Приписка 273 21.06.2004
k Исполнитель действия ООО "Кириллица"
653 a Ключевые слова Художественная
700 1_ a Другие авторы Чуковский Николай
e Роль лиц авт. ст.
t Заглавие произведения Мы знали Евгения Шварца
852 t Порядковый номер экземпляра 6
p Инвентарный номер 786280
p Инвентарный номер 786281
p Инвентарный номер 786784 48.27
p Инвентарный номер 786785 48.27
p Инвентарный номер 786786 48.27
p Инвентарный номер 786787 48.27
863 t 00024675
863 t 00024674
863 t 00024360
863 t 00024359
863 t 00024358
863 t 00024357
888 a Бесплатные
a За счет средств университета
930 a Новая/Ретро художественная
952 p 263.2004 43.00 1 786280
p 263.2004 43.00 1 786281
p 273.2004 48.27 1 786784
p 273.2004 48.27 1 786785
p 273.2004 48.27 1 786786
p 273.2004 48.27 1 786787
c Вид литературы К рх
954 a Дата поступления на обработку 20040611
999 a Подразделение 2 аб.